Κατάλογος Βιβλιοθηκών Mediterranean College

Οδηγός της Microsoft για το Ελληνικό Microsoft Word 97 / Αναλυτική Εισφορά και συμβουλές από τους Τεχνικούς (Record no. 1141)

MARC details
000 -LEADER
fixed length control field 01429cam a22001934a 4500
005 - ΗΜΕΡΟΜΗΝΙΑ ΚΑΙ ΩΡΑ ΤΕΛΕΥΤΑΙΑΣ ΕΝΗΜΕΡΩΣΗΣ
Πεδίο ελέγχου 20250605163959.0
008 - FIXED-LENGTH DATA ELEMENTS--GENERAL INFORMATION
Πεδίο ελέγχου σταθερού μήκους 250528s ||||||||||||||||||||||||d
035 ## - SYSTEM CONTROL NUMBER
System control number 15571
020 ## - ISBN
ISBN 9603320951
040 ## - ΠΗΓΗ ΚΑΤΑΛΟΓΟΓΡΑΦΗΣΗΣ
Φορέας πρωτότυπης καταλογογράφησης MC Athens Campus Library
Γλώσσα καταλογογράφησης Ελληνικά, Μοντέρνα (1453-)
Modifying agency MC Athens Campus Library
Κανόνες περιγραφικής καταλογογράφησης AACR2
245 1# - ΤΙΤΛΟΣ ΚΑΙ ΔΗΛΩΣΗ ΥΠΕΥΘΥΝΟΤΗΤΑΣ
Τίτλος Οδηγός της Microsoft για το Ελληνικό Microsoft Word 97 / Αναλυτική Εισφορά και συμβουλές από τους Τεχνικούς
260 ## - PUBLICATION, DISTRIBUTION, ETC.
Name of publisher, distributor, etc. Κλειδάριθμος,
Date of publication, distribution, etc. 1997
300 ## - PHYSICAL DESCRIPTION
Extent 1136
520 ## - SUMMARY, ETC.
Summary, etc. Το βιβλίο περιλαμβάνει τα πάντα - σύντομες και ξεκάθαρες οδηγίες για τους νέους χρήστες και περιεκτικές απαντήσεις για τους πεπειραμένους χρήστες. Περιέχει CD-ROM. Εισαγωγή, Ξεκίνημα, Τι Καινούργιο Υπάρχει στο Word 97, Ξενάγηση: Οι Οκτώ Σταθμοί της Ζωής Ενός Εγγράφου, Αλληλογραφία, Επιστράτευση του Οδηγού Επιστολής, Δημιουργία και Εκτύπωση Φακέλων και Ετικετών, Ομαδική Αλληλογραφία, Αποστολή Εγγράφων με Φαξ, Καταγραφή των Σκέψεων σας σε Σημειώματα.
700 1# - ΠΡΟΣΘΕΤΗ ΑΝΑΓΡΑΦΗ--ΦΥΣΙΚΟ ΠΡΟΣΩΠΟ
Personal name Borland Russell
9 (RLIN) 1523
942 ## - ADDED ENTRY ELEMENTS (KOHA)
Koha item type Books
Holdings
Τύπος τεκμηρίου Βιβλιοθήκη Τρέχουσα τοποθεσία Barcode Αριθμός εισαγωγής Ημερομηνία απόκτησης Ταξιθετικό σύμβολο Αριθμός αντιτύπου Κατάσταση απόσυρσης Κατάσταση χαμένου Κατάσταση κατεστραμμένου Μη δανεισμός Σύνολο δανεισμών Ημερομηνία τελευταίας εμφάνισης Η τιμή ισχύει από
Books MC Athens Campus Library MC Athens Campus Library 9780000011404 1918 05/06/2025 005.1 BOR 1           05/06/2025 05/06/2025

MC Athens Campus Library
Πατησίων 94 & Κοδριγκτώνος 13, 104 34
Πελλήνης 8 & Πατησίων 107, 112 51
Τ: +30 210 8899600

MC Thessaloniki Campus Library
Ίωνος Δραγούμη 21, 54625 | Ίωνος Δραγούμη 15, 54625
Τ: +30 2310 287779 – Τ: +30 2314 440300